| 000 | 00882cam a22002655a 4500 | ||
|---|---|---|---|
| 001 | 017028528 | ||
| 003 | OSt | ||
| 005 | 20150617160614.0 | ||
| 008 | 150119t2015 fludko frb 001 0 eng d | ||
| 020 | _a9781482229837 (hbk) | ||
| 040 |
_aStDuBDS _beng _cStDuBDS _dEG-ScBUE |
||
| 082 | 0 | 4 |
_a621.31244 _bORG _222 |
| 245 | 0 | 0 |
_aOrganic solar cells : _bmaterials, devices, interfaces, and modeling / _cedited by Qiquan Qiao. |
| 260 |
_aBacon Raton : _bCRC Press / Taylor & Francis, _cc.2015. |
||
| 300 |
_axx, 418 : _bchart, forms, photographs ; _c24 cm. |
||
| 490 | 0 | _aDevices, circuits, and systems | |
| 500 | _aIndex : p. 395-418. | ||
| 504 | _aIncludes bibliographical references. | ||
| 650 | 0 |
_aSolar cells. _2BUEsh _928644 |
|
| 651 | _2BUEsh | ||
| 653 |
_bENGGEN _cJune2015 |
||
| 655 |
_vreading book _934232 |
||
| 700 | 1 |
_aQiao, Qiquan, _eeditor. |
|
| 942 |
_2ddc _k621.31244 ORG |
||
| 999 |
_c19559 _d19531 |
||